La physique moderne (Record no. 164300)

MARC details
000 -LEADER
campo de control de longitud fija 00864nam a22002415i 4500
001 - NÚMERO DE CONTROL
campo de control 164300
003 - IDENTIFICADOR DE NÚMERO DE CONTROL
campo de control ES-MaACL
005 - FECHA Y HORA DE LA ÚLTIMA TRANSACCIÓN
campo de control 20250725062546.0
008 - DATOS DE LONGITUD FIJA--INFORMACIÓN GENERAL
campo de control de longitud fija 980727s1867 fr |||| | fre d
040 ## - FUENTE DE CATALOGACIÓN
Centro catalogador/agencia de origen EXT
Lengua de catalogación spa
Centro/agencia transcriptor EXT
100 1# - ENTRADA PRINCIPAL--NOMBRE DE PERSONA
Nombre de persona Saigey, Emile.
9 (RLIN) 132277
245 13 - MENCIÓN DEL TÍTULO
Título La physique moderne
Resto del título : essai sur l'unité des phénomenes naturels /
Mención de responsabilidad, etc. par Emile Saigey.
260 ## - PUBLICACIÓN, DISTRIBUCIÓN, ETC.
Lugar de publicación, distribución, etc. Paris [etc.] :
Nombre del editor, distribuidor, etc. Germer Bailliére,
Fecha de publicación, distribución, etc. 1867 (
Fabricante Imprimerie de E. Martinet)
300 ## - DESCRIPCIÓN FÍSICA
Extensión 228, 8 p. ;
Dimensiones 23 cm.
490 1# - MENCIÓN DE SERIE
Mención de serie Bibliotheque de philosophie contemporaine
650 07 - PUNTO DE ACCESO ADICIONAL DE MATERIA--TÉRMINO DE MATERIA
Término de materia o nombre geográfico como elemento de entrada Física
Fuente del encabezamiento o término embne
9 (RLIN) 12877
700 11 - ENTRADA AGREGADA--NOMBRE PERSONAL
Nombre de persona Baillière, Germer,
Término indicativo de función/relación
9 (RLIN) 125776
700 11 - ENTRADA AGREGADA--NOMBRE PERSONAL
Nombre de persona Martinet, E.,
Término indicativo de función/relación
9 (RLIN) 129570
752 ## - ENTRADA AGREGADA--NOMBRE JERÁRQUICO DEL LUGAR
País o entidad superior Francia -
Ciudad París
830 0# - PUNTO DE ACCESO ADICIONAL DE SERIE-TÍTULO UNIFORME
Título uniforme Bibliotheque de philosophie contemporaine
9 (RLIN) 181027
852 ## - LOCALIZACIÓN
Ubicación ES-MaACL
Número de control de estantería F-11772
Nota libre -- Enc. pasta española
Holdings
Estatus retirado Estado de pérdida Estado de daño No para préstamo Colección Biblioteca de origen Biblioteca actual Ubicación en estantería Fecha de adquisición Fuente de adquisición Total de préstamos Signatura topográfica completa Código de barras Visto por última vez Precio de reemplazo Tipo de ítem Koha
        Libros del s. XIX Biblioteca del Ateneo de Madrid Biblioteca del Ateneo de Madrid Sala Pecera Planta 2 17/01/2008     F-11772 1172214 23/02/2023 23/02/2023 Libro impreso antiguo